UBT Library

Gramatika e gjuhës shqipe për të gjithë : (Record no. 1075)

000 -LEADER
fixed length control field 00318nam a22001337a 4500
008 - FIXED-LENGTH DATA ELEMENTS--GENERAL INFORMATION
fixed length control field 150626b xxu||||| |||| 00| 0 alb d
020 ## - INTERNATIONAL STANDARD BOOK NUMBER
International Standard Book Number 9992786779
041 0# - LANGUAGE CODE
Language code of text/sound track or separate title alb
080 ## - UNIVERSAL DECIMAL CLASSIFICATION NUMBER
Universal Decimal Classification number 811.18 '36
100 ## - Rafti
Rafti 24
101 ## - Shkurtesa
Shkurtesa al
245 ## - TITLE STATEMENT
Title Gramatika e gjuhës shqipe për të gjithë :
Statement of responsibility, etc Bahri Beci.
942 ## - ADDED ENTRY ELEMENTS (KOHA)
Source of classification or shelving scheme
Item type Books
Holdings
Withdrawn status Lost status Source of classification or shelving scheme Damaged status Not for loan Collection code Permanent location Current location Shelving location Date acquired Total Checkouts Full call number Date last seen Price effective from Koha item type Materials specified (bound volume or other part) Source of acquisition Barcode
          Koleksioni i përgjithshem UBT - Lipjan UBT - Lipjan   01/05/2026     01/05/2026 01/05/2026 Books 2025-04-14 2025-04-14 002-800070999345
          Koleksioni i përgjithshem UBT - Prishtine UBT - Prishtine Koleksioni i përgjithshem 06/26/2015   811.18 '36 06/26/2015 06/26/2015 Books      
UBT Library © 2015-2024. All rights reserved University Education for Business and Technology